• 首页
  • 本馆介绍
  • 公告通知
  • 最新文献
  • 馆藏检索
  • 电子资源
  • 读者导购
  • 参考咨询
  • 我的图书馆
  • 登录
  • 详细信息显示
  • 放入我的书架
  • 预约/预借图书
  • 作者相关作品
  • 分类相关作品
  • 丛书相关作品
  • 出版社相关作品

书目信息

  • 表格格式
  • 工作单格式
  • 卡片格式
题名:
中华人民共和国税法最新法规
    
 
作者: 《中华人民共和国税法》编委会编
分册: 2020年12月(总第287期)  
出版信息: 北京   中国税务出版社  2020
页数: 84页
开本: 26cm
丛书名:
单 册:
中图分类: D922.220.9 , D922.22
科图分类:
主题词: 税法--中国--汇编
电子资源:
ISBN: 978-7-5678-0809-6
000 00802nam0 2200217 450
001 2334920829
005 20231119110400.10
010    @a978-7-5678-0809-6@dCNY20.00
100    @a20210419d2020 em y0chiy50 ea
101 0  @achi
102    @aCN@b110000
105    @ay n 000yy
200 1  @a中华人民共和国税法最新法规@9zhong hua ren min gong he guo shui fa zui xin fa gui@h2020年12月(总第287期)@f《中华人民共和国税法》编委会编
210    @a北京@c中国税务出版社@d2020
215    @a84页@d26cm
330    @a本书收录的法规文件分为综合税收政策、货物劳务税、所得税、财产行为税、国际税收、税收征管和税务稽查、纳税服务、社会保险费、非税收入、相关法规政策。
606 0  @a税法@y中国@j汇编
690    @aD922.220.9@v5
690    @aD922.22@v4
801  0 @aCN@b山东中教@c20210808
905    @aBZT@dD922.22@e22:287
    
    中华人民共和国税法最新法规.2020年12月(总第287期)/《中华人民共和国税法》编委会编.-北京:中国税务出版社,2020
    84页;26cm
    
    
    ISBN 978-7-5678-0809-6:CNY20.00
    本书收录的法规文件分为综合税收政策、货物劳务税、所得税、财产行为税、国际税收、税收征管和税务稽查、纳税服务、社会保险费、非税收入、相关法规政策。
●
相关链接 在五车中查询图书 在当当中查询图书 在豆瓣中查询图书


正题名:中华人民共和国税法最新法规     索取号:D922.22/22:287         预约/预借

序号 登录号 条形码 馆藏地/架位号 状态 备注
1 2000982009   2000982009   中教第一批/山东中教(第一批)/427/ [索取号:D922.22/22:287] 在馆    
2 2000982010   2000982010   中教第一批/山东中教(第一批)/427/ [索取号:D922.22/22:287] 在馆    
3 2000982011   2000982011   中教第一批/山东中教(第一批)/427/ [索取号:D922.22/22:287] 在馆    
4 2000982012   2000982012   中教第一批/山东中教(第一批)/427/ [索取号:D922.22/22:287] 在馆    
5 2000982013   2000982013   中教第一批/山东中教(第一批)/427/ [索取号:D922.22/22:287] 在馆    
6 2000982014   2000982014   中教第一批/山东中教(第一批)/427/ [索取号:D922.22/22:287] 在馆    
山东省滨州职业学院图书馆 欢迎您!
大连网信软件有限公司© 版权所有